| 000 | 00847cam a22002773a 4500 | ||
|---|---|---|---|
| 001 | 26414 | ||
| 003 | PGUSA | ||
| 005 | 20140828083553.0 | ||
| 008 | 080824s2008||||xxu|||||s|||||000 | eng d | ||
| 040 |
_aPGUSA _beng |
||
| 042 | _adc | ||
| 050 | 4 | _aPZ | |
| 050 | 4 | _aG | |
| 100 | 1 |
_aThomson, John Stuart, _d1869-1950 |
|
| 245 | 1 | 0 |
_aFil and Filippa : _bStory of Child Life in the Philippines _h[electronic resource] / _cJohn Stuart Thomson |
| 260 |
_bProject Gutenberg, _c2008 |
||
| 506 | _aPublic domain in the USA. | ||
| 516 | _aElectronic text | ||
| 653 | _aChildren -- Philippines | ||
| 653 | _aPhilippines -- Social life and customs | ||
| 700 | 1 |
_aPetersham, Maud Fuller, _d1890-1971 |
|
| 700 | 1 |
_aPetersham, Miska, _d1888-1960 |
|
| 830 | 0 |
_aProject Gutenberg _v26414 |
|
| 856 | 4 | 0 | _uhttp://www.gutenberg.org/ebooks/26414 |
| 942 | _cEB | ||
| 999 |
_c255669 _d255669 |
||